000 016250000a22002890004500
001 40
003 CO-MdFUSB
005 20180622170651.0
008 160318t20082008spa |f |||| 00| 0 spa d
010 _aCO-MdFUSB
020 _a978-968-23-2742-1 :
040 _cCO-MdFUSB
_erda
082 0 4 _aG 305.8 G9844r
245 1 0 _aRevisitar la etnicidad
_b : miradas cruzadas en torno a la diversidad
_c / coordinado por Daniel Gutiérrez Martínez , Helen Balslev Clausen ; colaboraciones de Daniel Gutiérrez Martínez ... [et. al.]
260 _aMéxico : Siglo XXI : El Colegio Mexiquenese : El Colegio de Sonora
264 _aMéxico
_b : Siglo XXI : El Colegio Mexiquenese : El Colegio de Sonora
_c2008
300 _a430 p.
336 _a5
_btxt
_2rdacontent
337 _2rdamedia
_a2
_bn
338 _a2
_2rdacarrier
_bnc
504 _aIncluye referencias bibliográficas: páginas
505 0 0 _a1.Etnicidades modernas: identidad y democracia / Danilo Martuccelli 2. La guerra en el seno de las culturas / Yvon Le Bot 3. Etnicidad, creencia y desarrollo: una reflexión socio-histórica sobre las políticas de desarrollo en los pueblos indígenas / Danie Gutiérrez Martínez 4. De la autonomía a la ciudadanía étnica... / Saúl Velasco Cruz 5. La etnicidad en el mundo de hoy para abrir el pensamiento
650 1 4 _aETNICIDAD - MEXICO \ ETNOLOGIA \ ETNICIDAD \ CULTURA \ DERECHOS CIVILES
653 _aETNICIDAD - MEXICO \ ETNOLOGIA \ ETNICIDAD \ CULTURA
_aETNICIDAD - MEXICO \ ETNOLOGIA \ ETNICIDAD \ CULTURA
700 1 _aGutiérrez Martínez, Daniel, ed. \ Gutiérrez Martínez, Daniel, ed.
942 _cBK
999 _c31596
_d31596